000 00489cam a2200169ua 4500
020 _c130.00
041 _aeng
_h
082 _a631.5861
_bHAR/EX
100 _aHarriss, Barbara .
245 _aExchange relations and poverty in dry land agriculture: Studies of south India /
_cBarbara Harriss.
_hTextual Documents
260 _aNew Delhi :
_bConcept Publishing Company ,
_c1984.
300 _a301 ; .
365 _a130.00
504 _a
942 _cBK
999 _c11108
_d11108